Sociálne zákonodarstvo v Rakúsku.

Medzinárodné sympózium na tému "Pracovné a sociálne zákonodarstvo v trhovej ekonomike" konané koncom r. 1992 v Bratislave - využitie skúseností zo zahraničia na zdokonalenie pracovného zákonodarstva a vytvorenie systému sociálneho zabezpečenia v podmienkach samostatnej SR. Vedecký prínos sympózia, v...

ver descrição completa

Na minha lista:
Detalhes bibliográficos
Autor principal: Matlák, Ján
Formato: Capítulo de Livro
Idioma:eslovaco
Assuntos:
Tags: Adicionar Tag
Sem tags, seja o primeiro a adicionar uma tag!

MARC

LEADER 00000naa a2200000 4500
001 r012410
005 20220826093800.9
041 0 |a slo 
044 |a SK 
245 1 0 |a Sociálne zákonodarstvo v Rakúsku.  |c Ján Matlák 
520 |a Medzinárodné sympózium na tému "Pracovné a sociálne zákonodarstvo v trhovej ekonomike" konané koncom r. 1992 v Bratislave - využitie skúseností zo zahraničia na zdokonalenie pracovného zákonodarstva a vytvorenie systému sociálneho zabezpečenia v podmienkach samostatnej SR. Vedecký prínos sympózia, vysoká odborná úroveň. 
610 2 0 |a poistenie 
610 2 0 |a Rakúsko 
610 2 0 |a zákony 
610 2 0 |a poistenie sociálne 
610 2 0 |a politika sociálna 
100 1 |a Matlák, Ján